| 000 | 01179pam a2200325 a 4500 | ||
|---|---|---|---|
| 999 |
_c4068 _d4068 |
||
| 003 | OSt | ||
| 005 | 20220317110333.0 | ||
| 008 | 941223s1995 paua b 001 0 eng c | ||
| 020 | _a0803626762 | ||
| 040 | _cDLC | ||
| 050 | 0 | 0 |
_aRT41 _b.D54 1995 |
| 060 | 1 | 0 | _aWY 100 D615a 1995 |
| 100 | 1 |
_aDoenges, Marilynn E., _d1922- |
|
| 245 | 1 | 0 |
_aApplication of nursing process and nursing diagnosis : _ban interactive text for diagnostic reasoning / _cMarilynn E. Doenges, Mary Frances Moorhouse, Joseph T. Burley. |
| 250 | _a2nd ed. | ||
| 260 |
_aPhiladelphia, PA : _bDavis, _cc1995. |
||
| 300 |
_axxi, 311 p. : _bill. ; _c26 cm. |
||
| 504 | _aIncludes bibliographical references and index. | ||
| 650 | 0 | _aNursing. | |
| 650 | 0 | _aNursing assessment. | |
| 650 | 0 | _aNursing diagnosis. | |
| 650 | 0 | _aNursing records. | |
| 650 | 1 | 2 | _aNursing Process. |
| 650 | 2 | 2 |
_aNursing Diagnosis _xmethods. |
| 700 | 1 |
_aMoorhouse, Mary Frances, _d1947- |
|
| 700 | 1 | _aBurley, Joseph. | |
| 906 |
_a7 _bcbu _corignew _d1 _eocip _f19 _gy-gencatlg |
||
| 942 |
_2lcc _cBK |
||